Экономический анализ хозяйственной деятельности предприятий и объединений (Запись № 11673188)

Подробности
000 -МАРКЕР
контрольное поле 02091nam0a2200349 4500
001 - ИДЕНТИФИКАТОР ЗАПИСИ
контрольное поле RU\NLR\BIBL_A\011435482
005 - ИДЕНТИФИКАТОР ВЕРСИИ
контрольное поле 20250626064729.0
035 ## - ДРУГИЕ СИСТЕМНЫЕ НОМЕРА
Идентификатор записи (NLR Aleph) 011435482
100 ## - ДАННЫЕ ОБЩЕЙ ОБРАБОТКИ
Данные общей обработки 20170707d1986 |||y0rusy50 ca
101 0# - ЯЗЫК РЕСУРСА
Язык текста, звукозаписи и т.д. русский
102 ## - СТРАНА ПУБЛИКАЦИИ ИЛИ ПРОИЗВОДСТВА
Страна публикации Российская Федерация
105 ## - ПОЛЕ КОДИРОВАННЫХ ДАННЫХ: ТЕКСТОВЫЕ МАТЕРИАЛЫ, МОНОГРАФИЧЕСКИЕ
Кодированные данные о монографическом текстовом документе y j 000yy
200 1# - ЗАГЛАВИЕ И СВЕДЕНИЯ ОБ ОТВЕТСТВЕННОСТИ
Основное заглавие Экономический анализ хозяйственной деятельности предприятий и объединений
Сведения, относящиеся к заглавию [учеб. для экон. спец. вузов
Первые сведения об ответственности С.Б. Барнгольц, И.А. Белобжецкий, В.Г. Ветчинина и др.]
Последующие сведения об ответственности под ред. С.Б. Барнгольц, Г.М. Тация
205 ## - СВЕДЕНИЯ ОБ ИЗДАНИИ
Сведения об издании 3-е изд., перераб. и доп.
210 ## - ПУБЛИКАЦИЯ, РАСПРОСТРАНЕНИЕ И ДР.
Место издания, распространения и т.д. М.
Имя издателя, распространителя и т. д. Финансы и статистика
Дата издания, распространения и т.д. 1986
215 ## - ФИЗИЧЕСКАЯ ХАРАКТЕРИСТИКА
Специфическое обозначение материала и объем 406, [1] с.
Размеры 24
300 ## - ОБЩИЕ ПРИМЕЧАНИЯ
Текст примечания Загл. 2-го изд.: Экономический анализ деятельности предприятий и объединений
300 ## - ОБЩИЕ ПРИМЕЧАНИЯ
Текст примечания Авт. указаны на обороте тит. л.
488 #0 - ДРУГИЕ ВЗАИМОСВЯЗАННЫЕ ПРОИЗВЕДЕНИЯ (ДОКУМЕНТЫ)
Встроенное поле 2001#$aЭкономический анализ деятельности предприятий и объединений
Заглавие Экономический анализ деятельности предприятий и объединений
606 1# - НАИМЕНОВАНИЕ ТЕМЫ КАК ПРЕДМЕТ
Наименование темы Хозяйственные предприятия
Формальный подзаголовок Руководства, пособия и т.п
Тематический подзаголовок Анализ хозяйственной деятельности
Системный номер авторитетной/нормативной записи 1871489
Идентификатор авторитетной/нормативной записи RU\NLR\AUTH\661140505
686 1# - ИНДЕКСЫ ДРУГИХ КЛАССИФИКАЦИЙ
Индекс У053.9(2)я73
701 #1 - ИМЯ ЛИЦА - АЛЬТЕРНАТИВНАЯ ОТВЕТСТВЕННОСТЬ
Код отношения Автор
-- Редактор
Графика поля Кириллица
Материалы, к которым относится поле rus
Начальный элемент ввода Барнгольц
Часть имени, кроме начального элемента ввода С. Б.
Дополнения к именам, кроме дат д-р экон. наук
Даты 1908-2002
Расширение инициалов личного имени Сарра Бенционовна
Системный номер авторитетной/нормативной записи 175647
Идентификатор авторитетной/нормативной записи RU\NLR\AUTH\770175698
701 #1 - ИМЯ ЛИЦА - АЛЬТЕРНАТИВНАЯ ОТВЕТСТВЕННОСТЬ
Начальный элемент ввода Белобжецкий
Часть имени, кроме начального элемента ввода И. А.
Расширение инициалов личного имени Израиль Абрамович
701 #1 - ИМЯ ЛИЦА - АЛЬТЕРНАТИВНАЯ ОТВЕТСТВЕННОСТЬ
Начальный элемент ввода Ветчинина
Часть имени, кроме начального элемента ввода В. Г.
702 #1 - ИМЯ ЛИЦА - ВТОРИЧНАЯ ОТВЕТСТВЕННОСТЬ
Начальный элемент ввода Тация
Часть имени, кроме начального элемента ввода Г. М.
Код отношения Редактор
852 ## - МЕСТОНАХОЖДЕНИЕ И ШИФР ХРАНЕНИЯ
Идентификатор организации NLR
Шифр хранения (Call Number) 86-7/878
852 ## - МЕСТОНАХОЖДЕНИЕ И ШИФР ХРАНЕНИЯ
Идентификатор организации NLR
Наименование фонда или коллекции (Sub-Location Identifier) Мф
Шифр хранения (Call Number) К-1/28851
942 ## - ДОПОЛНИТЕЛЬНЫЕ ЭЛЕМЕНТЫ ЗАПИСИ (АБИС)
Тип экземпляра АБИС Книга
980 ## - КОЛЛЕКЦИЯ
Название коллекции Национальная библиография
Экземпляры
Тип экземпляра Дата поступления Библиотека постоянного хранения Библиотека текущего хранения Место хранения Шифр хранения Штрих-код Статус экземпляра
Книга 22.09.2020 РНБ (Московский) РНБ (Московский) Русский книжный фонд: издания с 1957 года 86-7/878 ERR-183516